000 01021nam0a2200301 4500
001 RU\NLR\bibl\1069228
005 20260405130842.0
010 _a5-17-042167-2
_97000
021 _aRU
_b2007-12172
_9645
035 _a(NLR Aleph) 001056467
090 _a911322
_c911322
100 _a20070405d2007 |||y0rusy50 ca
101 0 _arus
102 _aRU
105 _ay |||||||||
200 1 _aРассчитай свою судьбу по Лунному календарю
_f[сост. В. Голуб]
210 _aМосква
_cАст
_aСанкт-Петербург
_cСова
_d2007 (печ. 2006)
215 _a95,[1] с., [48] л. табл.
_d21
606 1 _aАстрология
_91178522
_3RU\NLR\auth\66156241
686 _aЭ391.211
702 1 _4220
_8rus
_7ca
_aГолуб
_bВ.
_cпопуляризатор
_3RU\NLR\AUTH\7751916
_934849
801 0 _aRU
_bNLR
_c20070405
_gRCR
801 1 _aRU
_bNLR
_c20070405
942 _cBOOK
980 _aNB